Loading...
Fine Arts - Classical Music | 3 | 10.00 | 100% | 0% | 0% |
Fine Arts - Other Fine Arts | 2 | 10.00 | 100% | 0% | 0% |
Fine Arts - Visual Fine Arts | 5 | 12.00 | 100% | 20% | 0% |
Geography/Current Events | 3 | 20.00 | 100% | 67% | 33% |
History - American History | 4 | 15.00 | 100% | 50% | 0% |
History - European History | 3 | 6.67 | 67% | 0% | 0% |
History - Other History | 2 | 15.00 | 100% | 50% | 0% |
History - World History | 3 | 6.67 | 67% | 0% | 0% |
Literature - American Literature | 4 | 17.50 | 100% | 25% | 50% |
Literature - British Literature | 3 | 16.67 | 100% | 67% | 0% |
Literature - European Literature | 5 | 6.00 | 60% | 0% | 0% |
Literature - World/Other Literature | 7 | 18.57 | 100% | 43% | 43% |
Mythology | 7 | 17.14 | 100% | 57% | 14% |
Other Academic | 3 | 16.67 | 100% | 67% | 0% |
Philosophy | 2 | 20.00 | 100% | 50% | 50% |
Religion | 4 | 7.50 | 75% | 0% | 0% |
Science - Biology | 2 | 25.00 | 100% | 50% | 100% |
Science - Chemistry | 3 | 13.33 | 33% | 67% | 33% |
Science - Other Science | 5 | 12.00 | 100% | 20% | 0% |
Science - Physics | 5 | 12.00 | 100% | 20% | 0% |
Social Science | 3 | 13.33 | 100% | 33% | 0% |